Ciencia del derecho y legitimación
Uloženo v:
| Hlavní autor: | |
|---|---|
| Médium: | Kniha |
| Jazyk: | španělština |
| Vydáno: |
Ciudad de México
Universidad Iberoamericana
1998
|
| Vydání: | 1a. ed |
| Edice: | Teoría Social
|
| Témata: | |
| Tagy: |
Přidat tag
Žádné tagy, Buďte první, kdo vytvoří štítek k tomuto záznamu!
|
MARC
| LEADER | 00000nam a2200000 a 4500 | ||
|---|---|---|---|
| 001 | UCH3615 | ||
| 003 | CL-VaPUC | ||
| 008 | 090813e19980000MX |||||||||||||||||spa|d | ||
| 020 | |a 9789688593400 | ||
| 082 | 0 | 4 | |a 340.1 |b GIO |2 21 |
| 100 | 0 | |a Giorgi, Raffaele de |e author |9 539066 | |
| 245 | 1 | 0 | |a Ciencia del derecho y legitimación |
| 250 | |a 1a. ed | ||
| 300 | |a 290 p | ||
| 942 | |c BK | ||
| 945 | |d 20090813 00:00:00 |a rbrito | ||
| 260 | |a Ciudad de México |b Universidad Iberoamericana |c 1998 | ||
| 650 | 0 | |a Filosofía del derecho |9 255050 | |
| 650 | 0 | |a Teoría del derecho |9 255982 | |
| 583 | |a last modification |c 20090813 00:00:00 |k Rodrigo Vera | ||
| 490 | 0 | |a Teoría Social | |
| 999 | |c 335098 |d 335096 | ||
| 952 | |0 0 |1 0 |4 0 |6 340_100000000000000_GIO_1998 |7 0 |8 A |9 424675 |a BIBDER |b BIBDER |d 2019-11-22 |i 4586956 |o 340.1 GIO 1998 |p 4586956 |r 2023-01-25 |w 2019-11-22 |y BK |k DER | ||